000 00453nam a22001937a 4500
003 MPLRDC
005 20220104162116.0
008 210129b ||||| |||| 00| 0 eng d
020 _a983-3703-12-8
082 _a868.71 ZDX
100 _a郑丁贤
245 _a举重
_c
250 _a初版
260 _a马来西亚
_b星洲日报
_c2007
300 _b
490 _a郑丁贤作品集
650 _a马华文学
942 _cBK
_o868.71 ZDX
999 _c55811
_d55801